000 01589cam a22004694i 4500
003 PE-LiUPU
005 20250731173220.0
008 150625s1991 miu rb 000 0 eng d
020 _a0802823629
035 _a(Sirsi) i9780802823625
040 _aPE-LiUPU
_bspa
_cPE-LiUPU
_erda
049 _aPRUA
082 0 4 _a221.07
_bNICOT
_221
100 1 _aFensham, F. Charles,
_eautor.
245 1 4 _aThe book of Ezra and Nehemiah /
_cF. Charles Fensham.
264 1 _aMichigan :
_bWilliam B. Eerdmans Publishing Company,
_c1991.
300 _a288 páginas ;
_c22 centímetros.
336 _atext
_2rdacontent
337 _aunmediated
_2rdamedia
338 _avolume
_2rdacarrier
490 0 _aThe New International Commentary on the Old Testament
504 _aNotas bibliográficas al pie de páginas.
526 _aSEG42
526 _aSEG41
526 _aSEG40
526 _aSEG39
526 _aP94
526 _aP87
526 _aP86
526 _aP85
526 _aP77
526 _aP76
526 _aP35
630 _aBiblia.
_pA.T.
_pEsdras
_xComentarios.
630 _aBiblia.
_pA.T.
_pNehemías
_xComentarios.
942 _2ddc
_cBOOK
949 _a221.07 NICOT 15
_wDEWEY
_c1
_i37796
_lCCODEBUL1
_mBUL
_r0
_sY
_tBOOK
_u2015-6-25
_xTEOLOGIA
_zUNKNOWN
_0COMPRA
_o.STAFF. Colección General
994 _aC0
_bPEPRU
596 _a1
999 _a221.07 NICOT 15
_wDEWEY
_c41469
_i37796
_f2021-11-11
_g5
_lCCODEBUL1
_mBUL
_p29.70
_r0
_sY
_tBOOK
_u2015-6-25
_xTEOLOGIA
_PP35
_0COMPRA
_o.STAFF. Colección Teología
_d41469
980 _81
_gALBERTO SANCHEZ Responsable de Automatización